100 Most Popular Composers - Statistics

General Stats
  • This quiz has been taken 17,425 times
  • The average score is 44 of 100
Answer Stats
# Composer % Correct
Austrian M 6380 Wolfgang Amadeus Mozart
99%
German B 188 Johann Christian Bach
98%
German B 6894 Johann Sebastian Bach
98%
German B 5347 Ludwig van Beethoven
98%
Russian T 3161 Peter Ilyich Tchaikovsky
92%
Polish C 2473 Frédéric Chopin
89%
Italian V 1935 Antonio Vivaldi
87%
Hungarian L 2236 Franz Liszt
86%
German B 3956 Johannes Brahms
84%
German H 2688 Georg Friedrich Händel
83%
French D 2543 Claude Debussy
82%
German W 1935 Richard Wagner
81%
Italian V 2675 Giuseppe Verdi
80%
Austrian S 3674 Franz Schubert
79%
Austrian H 2212 Joseph Haydn
76%
Czech D 1782 Antonín Dvořák
75%
German M 2551 Felix Mendelssohn
74%
French R 2038 Maurice Ravel
74%
German S 2966 Robert Schumann
74%
Russian R 1560 Sergei Rachmaninov
74%
Austrian S 835 Johann Strauss Jr.
73%
German S 1815 Richard Strauss
73%
Russian S 1237 Igor Stravinsky
72%
Russian S 1548 Dmitri Shostakovich
70%
Norwegian G 1209 Edvard Grieg
70%
Finnish S 932 Jean Sibelius
70%
Russian P 1596 Sergei Prokofiev
69%
Italian P 1658 Giacomo Puccini
67%
Austro-Bohemian M 1334 Gustav Mahler
65%
English E 972 Edward Elgar
59%
Italian R 1488 Gioachino Rossini
59%
Russian R 814 Nikolai Rimsky-Korsakov
59%
French S 1497 Camille Saint-Saëns
57%
American G 931 George Gershwin
55%
French B 1211 Georges Bizet
53%
Hungarian B 958 Béla Bartók
52%
Italian P 532 Niccolò Paganini
50%
French F 1300 Gabriel Fauré
48%
English H 503 Gustav Holst
47%
American C 606 Aaron Copland
46%
Russian M 824 Modest Mussorgsky
45%
French B 821 Hector Berlioz
44%
English B 1043 Benjamin Britten
43%
French S 509 Erik Satie
41%
American B 648 Leonard Bernstein
41%
Italian M 578 Claudio Monteverdi
39%
Austrian B 838 Anton Bruckner
38%
German P 402 Johann Pachelbel
38%
Czech S 470 Bedřich Smetana
37%
German T 903 Georg Philipp Telemann
37%
English P 805 Henry Purcell
37%
French O 531 Jacques Offenbach
37%
American B 583 Samuel Barber
37%
German W 676 Carl Maria von Weber
35%
Soviet Armenian K 370 Aram Khachaturian
34%
Italian S 602 Domenico Scarlatti
32%
Russian B 384 Alexander Borodin
31%
English V 850 Ralph Vaughan Williams
31%
Italian D 1056 Gaetano Donizetti
30%
Italian B 610 Vincenzo Bellini
29%
French P 796 Francis Poulenc
28%
Czech J 477 Leoš Janáček
28%
Spanish F 694 Manuel de Falla
28%
German B 353 Max Bruch
28%
Russian S 557 Alexander Scriabin
26%
French F 869 César Franck
25%
French M 962 Jules Massenet
25%
Italian C 352 Arcangelo Corelli
24%
Brazilian V 596 Heitor Villa-Lobos
24%
French G 995 Charles Gounod
23%
Italian-French L 143 Jean-Baptiste Lully
23%
French R 374 Jean-Philippe Rameau
23%
Danish N 381 Carl Nielsen
22%
American I 353 Charles Ives
22%
Austrian G 573 Christoph W. Gluck
22%
Spanish A 553 Isaac Albeniz
22%
French D 357 Léo Delibes
22%
Italian B 370 Luigi Boccherini
22%
Estonian P 321 Arvo Pärt
20%
German H 583 Paul Hindemith
19%
Spanish S 277 Pablo de Sarasate
18%
Austro-Hungarian K 275 Erich Korngold
17%
Spanish R 411 Joaquin Rodrigo
17%
Italian R 401 Ottorino Respighi
17%
Italian A 346 Tomaso Albinoni
17%
English B 504 William Byrd
17%
English W 375 William Walton
16%
Russian G 345 Alexander Glazunov
15%
Spanish G 504 Enrique Granados
15%
Austrian K 418 Fritz Kreisler
14%
English D 227 Frederick Delius
13%
Italian M 512 Pietro Mascagni
13%
Italian L 494 Ruggero Leoncavallo
13%
Finnish R 105 Einojuhani Rautavaara
12%
Austro-Hungarian L 368 Franz Léhar
11%
Austrian H 206 Johann Nepomuk Hummel
10%
English A 189 Malcolm Arnold
9%
Swiss B 262 Ernest Bloch
8%
Mexican P 223 Manuel Ponce
7%
French M 122 Marin Marais
7%
No matching quizzes found
Score Distribution
Percent of People with Each Score
Percentile by Number Answered
Your Score History
You have not taken this quiz